NDU-K Library Catalogue

Girl in a jacket 

Ross and Wilson Anatomy and Physiology in Health and Illness/ (Record no. 23578)

MARC details
000 -LEADER
fixed length control field 00698nam a22002297a 4500
003 - CONTROL NUMBER IDENTIFIER
control field OSt
005 - DATE AND TIME OF LATEST TRANSACTION
control field 20260220062137.0
008 - FIXED-LENGTH DATA ELEMENTS--GENERAL INFORMATION
fixed length control field 260220b |||||||| |||| 00| 0 eng d
020 ## - INTERNATIONAL STANDARD BOOK NUMBER
International Standard Book Number 9780443101014
040 ## - CATALOGING SOURCE
Original cataloging agency DCHS
Language of cataloging Eng
Transcribing agency DCHS
Modifying agency DCHS
050 ## - LIBRARY OF CONGRESS CALL NUMBER
Classification number RT69
Item number .W38 2006
100 ## - MAIN ENTRY--PERSONAL NAME
Personal name Waugh Anne.
110 ## - MAIN ENTRY--CORPORATE NAME
Corporate name or jurisdiction name as entry element Grant Allison/
245 ## - TITLE STATEMENT
Title Ross and Wilson Anatomy and Physiology in Health and Illness/
Statement of responsibility, etc. Waugh Anne and Grant Allison/
Medium Book
250 ## - EDITION STATEMENT
Edition statement 10th Ed.
260 ## - PUBLICATION, DISTRIBUTION, ETC.
Place of publication, distribution, etc. London
Name of publisher, distributor, etc. Elsevier
Date of publication, distribution, etc. 2006
300 ## - PHYSICAL DESCRIPTION
Extent xii,495p.
Other physical details ill,col/
500 ## - GENERAL NOTE
General note Anatomy and Physiology
700 ## - ADDED ENTRY--PERSONAL NAME
Personal name Waugh Anne
710 ## - ADDED ENTRY--CORPORATE NAME
Corporate name or jurisdiction name as entry element Grant Allison
942 ## - ADDED ENTRY ELEMENTS (KOHA)
Source of classification or shelving scheme Library of Congress Classification
Koha item type Books
Edition 10th Ed.
Classification part RT69
Item part .W38 2006
Suppress in OPAC No
Holdings
Withdrawn status Lost status Source of classification or shelving scheme Damaged status Not for loan Home library Current library Shelving location Date acquired Total Checkouts Full call number Barcode Date last seen Copy number Price effective from Koha item type
    Library of Congress Classification     Defence College of Health Sciences (DCHS) Defence College of Health Sciences (DCHS) General Stacks 20/02/2026   RT69 .W38 2006 DCHS1816/09 20/02/2026 C.2 20/02/2026 Books
    Library of Congress Classification     Defence College of Health Sciences (DCHS) Defence College of Health Sciences (DCHS) General Stacks 20/02/2026   RT69 .W38 2006 DCHS1670/07 20/02/2026 C.3 20/02/2026 Books
    Library of Congress Classification     Defence College of Health Sciences (DCHS) Defence College of Health Sciences (DCHS) General Stacks 20/02/2026   RT69 .W38 2006 DCHS2030/11 20/02/2026 C.1 20/02/2026 Books
    Library of Congress Classification     Defence College of Health Sciences (DCHS) Defence College of Health Sciences (DCHS) General Stacks 20/02/2026   RT69 .W38 2006 DCHS1817/09 20/02/2026 C.4 20/02/2026 Books
Copyright © 2026 [National Defence University - Kenya]. All rights reserved.